Akbar Birbal / (Record no. 50506)
[ view plain ]
| 000 -LEADER | |
|---|---|
| fixed length control field | 00636nam a22001817a 4500 |
| 005 - DATE AND TIME OF LATEST TRANSACTION | |
| control field | 20110214105254.0 |
| 020 ## - INTERNATIONAL STANDARD BOOK NUMBER | |
| International Standard Book Number | 9788128828300 |
| Terms of availability | 125.00 |
| 037 ## - SOURCE OF ACQUISITION | |
| Source of stock number/acquisition | Junior Diamond |
| 245 ## - TITLE STATEMENT | |
| Title | Akbar Birbal / |
| Statement of responsibility, etc | edited by Pratibha Kasturia; illustrated by Pankaj |
| 260 ## - PUBLICATION, DISTRIBUTION, ETC. (IMPRINT) | |
| Place of publication, distribution, etc | New Delhi |
| Name of publisher, distributor, etc | Junior Diamond |
| Date of publication, distribution, etc | (201?) |
| 270 ## - ADDRESS | |
| Address | X-30, Okhla Industrial Area, Phase-II |
| City | New Delhi |
| Postal code | 110020 |
| 300 ## - PHYSICAL DESCRIPTION | |
| Extent | Unpaged |
| Other physical details | col. ill. |
| Dimensions | 24cm(Hb) |
| 700 ## - ADDED ENTRY--PERSONAL NAME | |
| Personal name | Kasturia, Pratibha |
| 9 (RLIN) | 25905 |
| 700 ## - ADDED ENTRY--PERSONAL NAME | |
| Personal name | Pankaj |
| 9 (RLIN) | 25906 |
| 942 ## - ADDED ENTRY ELEMENTS (KOHA) | |
| Source of classification or shelving scheme | Dewey Decimal Classification |
| Item type | Children Books |
| Call number suffix | AKb |
| Withdrawn status | Lost status | Not for loan | Home library | Current library | Date acquired | Cost, normal purchase price | Full call number | Cost, replacement price | Koha item type |
|---|---|---|---|---|---|---|---|---|---|
| Andrews Gunj | Andrews Gunj | 14/02/2011 | 125.00 | AKb | 125.00 | Children Books |
